Real analysis and applications : theory in practice (Record no. 11733)

000 -LEADER
fixed length control field 02065cam a22003977a 4500
001 - CONTROL NUMBER
control field 15824019
005 - DATE AND TIME OF LATEST TRANSACTION
control field 20170105102347.0
008 - FIXED-LENGTH DATA ELEMENTS--GENERAL INFORMATION
fixed length control field 090719s2010 nyua b 001 0 eng d
010 ## - LIBRARY OF CONGRESS CONTROL NUMBER
LC control number 2009932895
015 ## - NATIONAL BIBLIOGRAPHY NUMBER
National bibliography number 995196532
Source dnb
020 ## - INTERNATIONAL STANDARD BOOK NUMBER
International Standard Book Number 9780387980973
020 ## - INTERNATIONAL STANDARD BOOK NUMBER
International Standard Book Number 0387980970
035 ## - SYSTEM CONTROL NUMBER
System control number (OCoLC)ocn428028229
040 ## - CATALOGING SOURCE
Original cataloging agency BTCTA
Transcribing agency BTCTA
Modifying agency OHX
-- CDX
-- CDN
-- YDXCP
-- MUU
-- GBVCP
-- DLC
042 ## - AUTHENTICATION CODE
Authentication code lccopycat
050 00 - LIBRARY OF CONGRESS CALL NUMBER
Classification number QA300
Item number .D3435 2010
082 04 - DEWEY DECIMAL CLASSIFICATION NUMBER
Classification number 515
100 1# - MAIN ENTRY--PERSONAL NAME
Personal name Davidson, Kenneth R.
245 10 - TITLE STATEMENT
Title Real analysis and applications : theory in practice
Remainder of title theory in practice
Statement of responsibility, etc. Kenneth R. Davidson, Allen P. Donsig.
260 ## - PUBLICATION, DISTRIBUTION, ETC.
Place of publication, distribution, etc. New York :
Name of publisher, distributor, etc. Springer,
Date of publication, distribution, etc. c2010.
300 ## - PHYSICAL DESCRIPTION
Extent xii, 513 p. :
Other physical details ill. ;
Dimensions 25 cm.
490 1# - SERIES STATEMENT
Series statement Undergraduate texts in mathematics,
International Standard Serial Number 0172-6056
500 ## - GENERAL NOTE
General note Rev. ed. of: Real analysis with real applications.
504 ## - BIBLIOGRAPHY, ETC. NOTE
Bibliography, etc. note Includes bibliographical references (p. 505-506) and index.
505 0# - FORMATTED CONTENTS NOTE
Formatted contents note Analysis. Review ; The real numbers ; Series ; Typology of R[superscript]n ; Functions ; Differentiation and integration ; Norms and inner products ; Limits of functions ; Metric spaces -- Applications. Approximation by polynomials ; Discrete dynamical systems ; Differential equations ; Fourier series and physics ; Fourier series and approximation ; Wavelets ; Convexity and optimization ; References ; Index.
650 #0 - SUBJECT ADDED ENTRY--TOPICAL TERM
Topical term or geographic name entry element Mathematical analysis.
700 1# - ADDED ENTRY--PERSONAL NAME
Personal name Donsig, Allan P.
700 1# - ADDED ENTRY--PERSONAL NAME
Personal name Davidson, Kenneth R.
Title of a work Real analysis with real applications.
830 #0 - SERIES ADDED ENTRY--UNIFORM TITLE
Uniform title Undergraduate texts in mathematics.
856 42 - ELECTRONIC LOCATION AND ACCESS
Materials specified Publisher description
Uniform Resource Identifier <a href="http://www.loc.gov/catdir/enhancements/fy1109/2009932895-d.html">http://www.loc.gov/catdir/enhancements/fy1109/2009932895-d.html</a>
856 41 - ELECTRONIC LOCATION AND ACCESS
Materials specified Table of contents only
Uniform Resource Identifier <a href="http://www.loc.gov/catdir/enhancements/fy1109/2009932895-t.html">http://www.loc.gov/catdir/enhancements/fy1109/2009932895-t.html</a>
906 ## - LOCAL DATA ELEMENT F, LDF (RLIN)
a 7
b cbc
c copycat
d 2
e ncip
f 20
g y-gencatlg
942 ## - ADDED ENTRY ELEMENTS (KOHA)
Source of classification or shelving scheme
Koha item type Book
Holdings
Withdrawn status Lost status Damaged status Not for loan Collection code Permanent Location Current Location Shelving location Date acquired Source of acquisition Cost, normal purchase price Total Checkouts Full call number Barcode Date last seen Price effective from Koha item type
          Central Library (CL) Central Library (CL) General Stacks 04/09/2013 Progressive International Agencies 6051.88   515 DAV SEECS012243 04/27/2024 04/15/2013 Book
© 2023 Central Library, National University of Sciences and Technology. All Rights Reserved.